Reconfiguration of learning processes during family dinners: The status and function of “secondarization” (notice n° 1745296)
[ vue normale ]
| 000 -LEADER | |
|---|---|
| fixed length control field | 01687cam a2200205 4500500 |
| 005 - DATE AND TIME OF LATEST TRANSACTION | |
| control field | 20260322005043.0 |
| 041 ## - LANGUAGE CODE | |
| Language code of text/sound track or separate title | fre |
| 042 ## - AUTHENTICATION CODE | |
| Authentication code | dc |
| 100 10 - MAIN ENTRY--PERSONAL NAME | |
| Personal name | Nguyen, Agathe |
| Relator term | author |
| 245 00 - TITLE STATEMENT | |
| Title | Reconfiguration of learning processes during family dinners: The status and function of “secondarization” |
| 260 ## - PUBLICATION, DISTRIBUTION, ETC. | |
| Date of publication, distribution, etc. | 2025.<br/> |
| 500 ## - GENERAL NOTE | |
| General note | 9 |
| 520 ## - SUMMARY, ETC. | |
| Summary, etc. | Family dinners are an ideal setting for studying interactive practices. Children often talk about their day at school, either spontaneously or when prompted by their parents (Morgenstern et al. 2021). In school settings, pupils are expected to continually reconfigure and decontextualize the knowledge they acquire. These processes also take place during family dinner interactions, enabling children to make sense of what they have learned in the family context. This study thus examines how this “secondarization process” (Bautier 2005), often implicitly expected at school, is also at work in family contexts during dinner conversations. Six filmed dinners—three in French and three in French Sign Language (LSF)—were analyzed to examine how learning processes are abstracted through interaction. Different degrees of “secondarization” were identified, according to the children’s age and the quality of their interactions with their parents. |
| 700 10 - ADDED ENTRY--PERSONAL NAME | |
| Personal name | Bedoin, Diane |
| Relator term | author |
| 700 10 - ADDED ENTRY--PERSONAL NAME | |
| Personal name | Beaupoil-Hourdel, Pauline |
| Relator term | author |
| 700 10 - ADDED ENTRY--PERSONAL NAME | |
| Personal name | de Pontonx, Sophie |
| Relator term | author |
| 700 10 - ADDED ENTRY--PERSONAL NAME | |
| Personal name | Morgenstern, Aliyah |
| Relator term | author |
| 786 0# - DATA SOURCE ENTRY | |
| Note | Langage et société | 186 | 3 | 2025-12-22 | p. 117-150 | 0181-4095 |
| 856 41 - ELECTRONIC LOCATION AND ACCESS | |
| Uniform Resource Identifier | <a href="https://shs.cairn.info/journal-langage-et-societe-2025-3-page-117?lang=en&redirect-ssocas=7080">https://shs.cairn.info/journal-langage-et-societe-2025-3-page-117?lang=en&redirect-ssocas=7080</a> |
Pas d'exemplaire disponible.




Réseaux sociaux